000 00772nam a2200229 a 4500
001 000011364
005 20240412074225.0
008 091016s2006 dr r 001 0 spa d
020 _a994516046X
040 _aDO-SdBNP
_bspa
_cBNPHU
082 _aRD861.44
_bR457c
100 1 _aReyes Tejada, Edgar
_d1964-
_926981
245 1 0 _aEn clave de fábulas /
_cEdgar Reyes Tejada ; prólogo Huchi Lora.
260 _aSanto Domingo :
_bBúho,
_c2006.
300 _a75 p. :
_bil. ;
_c22 cm.
500 _aIncluye datos biográficos del autor en la solapa de la cubierta
590 _aInventariado, 2018/BT
650 0 _aPoesía dominicana
_966
650 0 _aLiteratura dominicana.
_967
700 1 _aLora, Huchi,
_epról.
_919605
910 _aValidado. Control de calidad. MMOLINA
999 _c11071
_d11071